000 00393nam a2200169Ia 4500
999 _c43049
_d43049
003 GCL
005 20240530103847.0
008 140319s9999 xx 000 0 ara d
040 _aGCL /
_cGCL
082 0 4 _a930
_bل ح
245 _a؟؟؟؟؟؟؟؟
300 _a154 ص
650 0 4 _aبابل
650 0 4 _aحضارة العراق القديمة
650 0 4 _aاشور
942 _2ddc
_cBK